00908 2200313 4500001002100000005001500021035002000036020002200056040001700078041000800095082001500103084001700118090001900135100001300154245009400167250003500261260002800296300004600324504003300370650002300403850001200426007000300438008004100441700001600482700001800498490004200516990001800558990001800576INLIS00000000081773020181115085645 a0010-1118000076 a978-602-385-363-2 aYOPDYOGbind0 aind04223a028.55 a028.55 SAR a aK 028.55 SAR a0 aSara Mai1 aAku cinta Rasulullah /ccerita, Sara Mai; gambar oleh, Rizki Haris; editor, Nurhadiansyah aCetakan pertama, November 20173 aBandung :bNoura,c2017 a20 halaman :bilustrasi berwarna ;c18 cm aBibliografi: halaman 196-198 4aBacaan kanak-kanak aYOPDYOGta181106s2017 jbia b 6 1 ind d0 aRizki Haris0 aNurhadiansyah aSeri anak hebat: Aku cinta Rasulullah a36305-PD/B.18 a36306-PD/B.18